Statistics for Animals that Start with O

Click here to take the quiz!

General Stats

  • This quiz has been taken 76,877 times
    (60,118 since last reset)
  • The average score is 9 of 14

Answer Stats

ClueAnimal% Correct
Animal that says "hoot"Owl
99%
Has eight tentaclesOctopus
96%
Orange-colored great apeOrangutan
94%
Killer whaleOrca
91%
Largest birdOstrich
88%
Pearl-making animalOyster
87%
Cute aquatic mammal that uses
stones to break shellfish
Otter
73%
Bovine that sometimes wears a yokeOx
69%
Marsupial that "plays dead"Opossum
59%
New world cat that looks like
a small jaguar
Ocelot
56%
Fish-eating bird of preyOsprey
51%
Giraffe relative with zebra stripesOkapi
32%
Bird with striking black and orange
(or yellow) plumage
Oriole
25%
Long-lived fish. Famous example
of overfishing
{Orange} Roughy
19%

Score Distribution

Percentile by Number Answered

Percent of People with Each Score

Your Score History

You have not taken this quiz since the last reset